|
|
|
|
| LEADER |
01753nam a22003257a 4500 |
| 001 |
34893 |
| 003 |
BD-DhAAL |
| 005 |
20230206153310.0 |
| 008 |
190724r2018 bg ||||| |||| 00| d ben d |
| 020 |
|
|
|a 9789841103184
|
| 040 |
|
|
|a BD-DhAAL
|d BD-DhAAL
|
| 041 |
|
|
|a ben
|
| 082 |
|
|
|a 891.442
|
| 100 |
|
|
|a চৌধুরী, মুনীর
|9 33099
|
| 245 |
|
|
|a কবর /
|c মুনীর চৌধুরী
|
| 246 |
|
|
|a Kabar
|
| 250 |
|
|
|a প্রথম সংস্করণ
|
| 260 |
|
|
|a ঢাকা :
|b আহমদ পাবলিশিং হাউজ,
|c ২০১৮ [তেরোতম মুদ্রণ, চ্চৌদ্দতম মুদ্রণ ২০২২]
|
| 300 |
|
|
|a ৩২ পৃষ্ঠা,
|a ৬৪ পৃষ্ঠা ;
|c ২২ সে.মি.
|
| 526 |
|
|
|a Residential Campus
GenEd (Residential Campus)
|
| 541 |
|
|
|a Development Book Agency
|e 34893
40189
|
| 600 |
|
|
|a চৌধুরী, মুনীর
|d ১৯২৫-১৯৭১
|9 33307
|
| 650 |
|
|
|a Bengali drama.
|9 33100
|
| 650 |
|
|
|a Bengali literature.
|
| 852 |
|
|
|a Savar Campus Library
|c General Stacks
|
| 942 |
|
|
|2 ddc
|c BK
|
| 999 |
|
|
|c 40962
|d 40962
|
| 952 |
|
|
|0 0
|1 0
|2 ddc
|4 0
|6 891_442000000000000_CHO
|7 0
|9 65739
|a BRACUL
|b BRACUL
|c GEN
|d 2019-07-17
|e Development Book Agency
|g 85.00
|l 14
|m 70
|o 891.442 CHO
|p 3010035010
|r 2026-04-09
|s 2026-04-05
|t 2
|v 85.00
|w 2019-07-17
|y BK
|
| 952 |
|
|
|0 0
|1 0
|2 ddc
|4 0
|6 891_442000000000000_CHO
|7 0
|9 65861
|a SCL
|b SCL
|c GEN
|d 2019-07-24
|e Development Book Agency
|g 85.00
|l 8
|m 18
|o 891.442 CHO
|p 3020034893
|r 2025-06-29
|s 2025-06-23
|t 1
|v 85.00
|w 2019-07-24
|y BK
|
| 952 |
|
|
|0 0
|1 0
|2 ddc
|4 0
|6 891_442000000000000_CHO
|7 0
|9 72983
|a SCL
|b SCL
|c GEN
|d 2023-01-15
|e Development Book Agency
|g 126.00
|l 6
|m 1
|o 891.442 CHO
|p 3020040819
|r 2025-07-24
|s 2025-07-12
|t 3
|v 126.00
|w 2023-01-15
|y BK
|